000 00569nam a2200217Ia 4500
005 20250508164257.0
008 008 250505s9999 xx 000 0 eng d
037 _aTextBook
040 _aFEDL
_beng
_cFEDL
041 _aeng
_2eng
084 _a370.15, SAN
_qFEDL
100 _aSantrock John W
_9446163
245 0 _aEducation psychology
250 _a2
260 _aDelhi, India
_bTata McGraw-Hill
_c2006
300 _a558p
365 _aINR
_b499
650 _aEducational Psychology
942 _cTB
_h370.15, SAN
999 _c1388106
_d1388106